Skład reprezentacji Polski vs Portugalia na Euro 2016 - Statystyki

Ogólne statystyki
  • Ten quiz został rozwiązany 1 098 razy
  • Średni wynik to 10 z 11
Statystyki odpowiedzi
Numer Pozycja Zawodnik % Poprawnych
9 Napastnik Robert Lewandowski
99%
22 Bramkarz Łukasz Fabiański
98%
7 Napastnik Arkadiusz Milik
96%
16 Prawy pomocnik Jakub Błaszczykowski
94%
15 Środkowy obrońca Kamil Glik
93%
2 Środkowy obrońca Michał Pazdan
92%
11 Lewy pomocnik Kamil Grosicki
91%
20 Prawy obrońca Łukasz Piszczek
90%
10 Środkowy pomocnik Grzegorz Krychowiak
88%
3 Lewy obrońca Artur Jędrzejczyk
71%
5 Środkowy pomocnik Krzysztof Mączyński
68%
Nie znaleziono quizów pasujących do podanych kryteriów
Rozkład punktacji
Procent ludzi z każdym wynikiem
Percentyl według liczby udzielonych odpowiedzi
Twoja historia wyników
Nie rozwiązałeś tego quizu